[Event "SVK-chT2D 2324"]
[White "Recky, Norbert"]
[Black "Sedmak, Viktor"]
[Site "Slovakia"]
[Round "7.8"]
[Result "0-1"]
[Date "2024.01.14"]
[WhiteElo "1716"]
[BlackElo "1728"]
[PlyCount "90"]
[EventDate "2023.10.07"]
[EventType "team-tourn"]
[EventRounds "11"]
[EventCountry "SVK"]
[SourceTitle "EXT 2025"]
[Source "ChessBase"]
[SourceDate "2024.10.14"]
[SourceVersion "1"]
[SourceVersionDate "2024.10.14"]
[SourceQuality "1"]
[WhiteTeam "Spisska Nova Ves"]
[BlackTeam "Gelnica Slovan"]
[WhiteTeamCountry "SVK"]
[BlackTeamCountry "SVK"]

1. e4 c5 2. Nf3 Nc6 3. d4 cxd4 4. Nxd4 Nf6 5. Nc3 e5 6. Ndb5 d6 7. Bg5 a6 8. Na3 b5 9. Bxf6 gxf6 10. Nd5 Bg7 11. c3 0-0 12. Nc2 f5 13. exf5 Bxf5 14. Nce3 Be6 15. Bd3 f5 16. Qh5 Qd7 17. Nb6 Qe8 18. Qxe8 Raxe8 19. a4 Rb8 20. Ned5 Rf7 21. axb5 axb5 22. Bxb5 Bxd5 23. Bc4 Bxc4 24. Nxc4 d5 25. Ne3 d4 26. Nd1 dxc3 27. bxc3 e4 28. 0-0 Ne5 29. f3 exf3 30. gxf3 Nd3 31. Kg2 Nf4+ 32. Kf2 Re8 33. Ra2 Nd3+ 34. Kg3 Be5+ 35. Kg2 Rg7+ 36. Kh1 Bf4 37. Nf2 Re1 38. Ra8+ Kf7 39. Ra7+ Kg6 40. Rxg7+ Kxg7 41. Nxd3 Rxf1+ 42. Kg2 Ra1 43. Nxf4 Rc1 44. Ne2 Rc2 45. Kf1 Kf6 0-1

[Event "SVK-chT2D 2324"]
[White "Sedmak, Viktor"]
[Black "Sekova, Olivia"]
[Site "Slovakia"]
[Round "4.5"]
[Result "0-1"]
[Date "2023.11.12"]
[WhiteElo "1728"]
[BlackElo "2074"]
[PlyCount "74"]
[EventDate "2023.10.07"]
[EventType "team-tourn"]
[EventRounds "11"]
[EventCountry "SVK"]
[SourceTitle "EXT 2025"]
[Source "ChessBase"]
[SourceDate "2024.10.14"]
[SourceVersion "1"]
[SourceVersionDate "2024.10.14"]
[SourceQuality "1"]
[WhiteTeam "Gelnica Slovan"]
[BlackTeam "Humenne Reinter III"]
[WhiteTeamCountry "SVK"]
[BlackTeamCountry "SVK"]

1. d4 Nf6 2. c4 g6 3. Nc3 Bg7 4. e4 d6 5. Nf3 Bg4 6. Be2 Bxf3 7. Bxf3 e5 8. d5 h5 9. Bg5 Bh6 10. Bxh6 Rxh6 11. Qd2 Rh8 12. 0-0-0 Nbd7 13. Be2 Qe7 14. Kb1 Nc5 15. f3 a5 16. Qc2 Kf8 17. Na4 Nfd7 18. h4 Kg7 19. Nc3 a4 20. Nb5 Nf6 21. Rdg1 c6 22. Na3 b5 23. cxb5 cxd5 24. exd5 Nxd5 25. Qd2 Nf4 26. g3 Nxe2 27. Qxe2 Ne6 28. Rd1 Qf6 29. Rxd6 Nd4 30. Rxf6 Nxe2 31. Rd6 Nxg3 32. Re1 Nf5 33. Rd3 Nxh4 34. Rxe5 Nf5 35. b6 h4 36. Nc4 h3 37. Ne3 Nxe3 0-1

[Event "SVK-chT2D 2324"]
[White "Koval, Anton"]
[Black "Sedmak, Viktor"]
[Site "Slovakia"]
[Round "3.5"]
[Result "1-0"]
[Date "2023.11.11"]
[WhiteElo "1996"]
[BlackElo "1728"]
[PlyCount "73"]
[EventDate "2023.10.07"]
[EventType "team-tourn"]
[EventRounds "11"]
[EventCountry "SVK"]
[SourceTitle "EXT 2025"]
[Source "ChessBase"]
[SourceDate "2024.10.14"]
[SourceVersion "1"]
[SourceVersionDate "2024.10.14"]
[SourceQuality "1"]
[WhiteTeam "Bardejov BSK"]
[BlackTeam "Gelnica Slovan"]
[WhiteTeamCountry "SVK"]
[BlackTeamCountry "SVK"]

1. e4 e5 2. Nf3 Nc6 3. Bb5 a6 4. Ba4 d6 5. c3 b5 6. Bc2 Nf6 7. h3 d5 8. exd5 Qxd5 9. 0-0 e4 10. Ne1 Bd6 11. d4 0-0 12. Be3 Ne7 13. Nd2 Bb7 14. b3 c6 15. c4 Qf5 16. f3 Bf4 17. Qe2 exf3 18. Bxf5 fxe2 19. Rxf4 Nxf5 20. Rxf5 Rae8 21. Kf2 Bc8 22. Re5 Rxe5 23. dxe5 Nd7 24. Nef3 Re8 25. Bd4 c5 26. Bb2 Nb6 27. cxb5 axb5 28. Rc1 c4 29. bxc4 bxc4 30. Nxc4 Nxc4 31. Rxc4 Ba6 32. Rc2 Rd8 33. Nd4 Bd3 34. Rd2 Ba6 35. Ke1 Bc4 36. a3 Re8 37. Nxe2 1-0

[Event "SVK-chT2D 1314"]
[White "Sedmak, Viktor"]
[Black "Recky, Norbert"]
[Site "Slovakia"]
[Round "6.8"]
[Result "0-1"]
[Date "2014.01.12"]
[WhiteElo "1839"]
[BlackElo "1830"]
[PlyCount "140"]
[EventDate "2013.10.19"]
[EventType "team-tourn"]
[EventRounds "11"]
[EventCountry "SVK"]
[SourceTitle "EXT 2015"]
[Source "ChessBase"]
[SourceDate "2014.11.20"]
[SourceVersion "1"]
[SourceVersionDate "2014.11.20"]
[SourceQuality "1"]
[WhiteTeam "Gelnica Slovan"]
[BlackTeam "Spisska Nova Ves"]
[WhiteTeamCountry "SVK"]
[BlackTeamCountry "SVK"]

1. d4 Nf6 2. c4 g6 3. Nc3 d5 4. Nf3 Bg7 5. h3 0-0 6. Bf4 c5 7. dxc5 Qa5 8. Bd2 Qxc5 9. e3 dxc4 10. Qa4 Bd7 11. Qxc4 Qxc4 12. Bxc4 Nc6 13. 0-0 Rac8 14. a3 a6 15. Rac1 Rfd8 16. Ba2 e6 17. Rc2 Ne7 18. Rfc1 Bc6 19. Ne5 Be4 20. Nxe4 Nxe4 21. Nf3 Nxd2 22. Nxd2 Bxb2 23. Rxc8 Rxc8 24. Rxc8+ Nxc8 25. a4 Kf8 26. Ne4 Ke7 27. Kf1 h6 28. Ke2 Ba3 29. Kd3 Bb4 30. f3 f5 31. Nf2 Nb6 32. Bb3 Bc5 33. Ke2 Nd5 34. Bxd5 exd5 35. Nd3 Bd6 36. Kd2 Kd7 37. Kc3 Kc6 38. Kd4 b5 39. axb5+ axb5 40. Kc3 Kb6 41. Kd4 Kc6 42. Kc3 g5 43. Kb3 f4 44. e4 dxe4 45. fxe4 Kd7 46. Kc3 Ke6 47. Kd4 b4 48. Kc4 Be7 49. Kd4 Bf6+ 50. e5 Be7 51. Ke4 b3 52. Nb2 Ba3 53. Nc4 Bc1 54. Kd4 b2 55. Na3 Bd2 56. Nb1 Bb4 57. Kc4 Ba5 58. Kb3 Kxe5 59. Kxb2 Ke4 60. Na3 f3 61. gxf3+ Kxf3 62. Nc4 Bc7 63. Kc2 Kg3 64. Kd3 Kxh3 65. Ke2 Bf4 66. Kf3 h5 67. Nb2 Bb8 68. Nd3 g4+ 69. Ke2 g3 70. Ne1 g2 0-1

[Event "SVK-chT2D 1213"]
[White "Sedmak, Viktor"]
[Black "Ducay, Miroslav"]
[Site "Slovakia"]
[Round "2.7"]
[Result "0-1"]
[Date "2012.10.14"]
[WhiteElo "1833"]
[BlackElo "2006"]
[PlyCount "82"]
[EventDate "2012.10.13"]
[EventType "team-tourn"]
[EventRounds "11"]
[EventCountry "SVK"]
[SourceTitle "EXT 2015"]
[Source "ChessBase"]
[SourceDate "2014.11.20"]
[SourceVersion "1"]
[SourceVersionDate "2014.11.20"]
[SourceQuality "1"]
[WhiteTeam "Gelnica Slovan"]
[BlackTeam "Presov Tatran Dason"]
[WhiteTeamCountry "SVK"]
[BlackTeamCountry "SVK"]

1. d4 d5 2. Nc3 Nf6 3. Nf3 e6 4. a3 c5 5. Bg5 h6 6. Bxf6 Qxf6 7. e3 a6 8. Na4 Nd7 9. c4 dxc4 10. dxc5 Bxc5 11. Nxc5 Nxc5 12. Bxc4 Qxb2 13. 0-0 0-0 14. Nd4 b5 15. Ra2 Qc3 16. Rc2 Qxa3 17. Ra2 Qb4 18. Bxb5 e5 19. Bc6 Bb7 20. Bxb7 Qxb7 21. Nf3 e4 22. Nd4 Rfc8 23. Qg4 g6 24. Nf5 h5 25. Qg3 Qc7 26. Nd6 h4 27. Qe5 Rd8 28. Rd2 Nd3 29. Qxe4 Qxd6 30. Rfd1 Rac8 31. h3 Rc3 32. Qxh4 a5 33. Qe4 Qd5 34. Qa4 Kf8 35. Kf1 Ke7 36. f3 Qc5 37. Qe4+ Kf8 38. Rxd3 Rdxd3 39. Rxd3 Qb5 40. Ke2 Rc2+ 41. Kd1 Qb1# 0-1